000 00589nam a2200265Ia 4500
005 20260306164026.0
008 008 260114s9999 xx 000 0 eng d
020 _a9780748684328
037 _aEBOOK
040 _aCRL
040 _beng
040 _cCRL
041 _2eng
041 _aeng
084 _qCRL
100 _aDu Plessis
_9880903
245 0 _aNew Frontiers
260 _bEdinburgh University Press
260 _c2013
650 _aLaw
856 _uhttps://academic.oup.com/book/21609
942 _cEBOOK
999 _c1712448
_d1712448